| 000 | 00625nam a22001577a 4500 | ||
|---|---|---|---|
| 999 |
_c13927 _d13927 |
||
| 008 | 190523b ||||| |||| 00| 0 eng d | ||
| 082 |
_22019 _aUT 1310 _bD36 |
||
| 100 |
_aDe Los Reyes, Rhona Mae A. _938782 |
||
| 245 |
_aLevel of performance of the UMDC BTTE-FSM from A.Y 2014-2016 / _cRhona Mae A. De Los Reyes, Ardian Kyle C. Cortejos, and Roderick A. Migue Jr. |
||
| 260 |
_aDigos City: _bUMDC _cMarch 2019. |
||
| 300 |
_a32 pages; _c30 cm. |
||
| 650 |
_aTechnical Teachers Education _xUndergraduate thesis. _938783 |
||
| 700 |
_aCortejos, Ardian Kyle C. _938784 |
||
| 700 |
_aMigue, Roderick A. Jr. _938785 |
||
| 942 |
_2ddc _cUT |
||